| Tag |
First Indicator |
Second Indicator |
Subfields |
| LEADER |
00000cam a2200000 4500 |
| 001 |
in00000026283 |
| 005 |
20151007061224.0 |
| 008 |
720211s1967 nyuc b 00010 eng u |
| 010 |
|
|
|a 67020407
|
| 035 |
|
|
|a (OCoLC)00239629
|
| 035 |
|
|
|9 AAD1477AM
|
| 040 |
|
|
|c CWR
|d TXA
|d UtOrBLW
|
| 049 |
|
|
|a TXAM
|c [473340]
|
| 050 |
|
0 |
|a PS3281
|b .W3
|
| 092 |
|
|
|a 811
|b W625Yw
|
| 100 |
1 |
|
|a Wagenknecht, Edward,
|d 1900-2004.
|
| 245 |
1 |
0 |
|a John Greenleaf Whittier ;
|b a portrait in paradox /
|c [by] Edward Wagenknecht.
|
| 264 |
|
1 |
|a New York :
|b Oxford University Press,
|c 1967.
|
| 300 |
|
|
|a viii, 262 pages :
|b portrait ;
|c 21 cm.
|
| 336 |
|
|
|a text
|b txt
|2 rdacontent
|
| 337 |
|
|
|a unmediated
|b n
|2 rdamedia
|
| 338 |
|
|
|a volume
|b nc
|2 rdacarrier
|
| 504 |
|
|
|a Bibliography: pages 241-249.
|
| 600 |
1 |
0 |
|a Whittier, John Greenleaf,
|d 1807-1892.
|
| 999 |
|
|
|a MARS
|
| 999 |
f |
f |
|s 815e6b4f-89b7-30a1-a02d-c391901fa9fd
|i 913ad39a-73cf-3f63-9491-039ed701cef8
|t 0
|
| 952 |
f |
f |
|p ric
|a Texas A&M University
|b Rellis Campus
|c Joint Library Facility
|d Remote Storage
|t 0
|e PS3281 .W3
|h Library of Congress classification
|i unmediated -- volume
|m A14801221606
|
| 998 |
f |
f |
|a PS3281 .W3
|t 0
|l Remote Storage
|